00918nam a2200265 a 4500001001000000003000500010005001700015008004100032010001100073011001100084020001800095040000900113082001800122100002800140245009900168260014500267300001100412490003100423650002800454650003400482650004400516650003100560700003000591830003100621000115885CHAP20240905175217.0190719s2014 mx |r| ||||||spa d a112346 a113318 a9786079423056 cCHAP04a639.0972bS231 aSantinelli, Jazmín B.10aTemas selectos de pesca y acuacultura /cpor Jazmín B. Santinelli y Patricia Jiménez Cruz. aMéxico, D. F. :bCámara de Diputados LXIII, Centro de Estudios para el Desarrollo Rural Sustentable y la Soberanía Alimentaria,c2014. a255 p. aEstudios e investigación17aAcuiculturazMéxico214aIndustria pesquerazMéxico.14aPescaxLeyes y legislaciónzMéxico.14aPescazMéxicoxHistoria.1 aJiménez Cruz, Patricia. 0aEstudios e investigación